LEADER 02888nam2-2200505 --450 001 9910507590003321 005 20211203164113.0 100 $a20211203g18959999kmuy0itay5050 ba 101 0 $agrc$alat 102 $aDE 105 $a 001yy 200 1 $a<<12.: >> Inscriptiones graecae insularum maris Aegaei praeter Delum$fconsilio et auctoritate Academiae litterarum regiae Borussicae editae 210 $aBerolini$capud Georgium Reimerum$d1895- 215 $avolumi$d39 cm 327 0 $a12.1.: Inscriptiones Rhodi, Chalces, Carpathi cum Saro casi / edidit Fridericus Hiller de Gaertringen$a12.2.: Inscriptiones Lesbi Nesi Tenedi / edidit Guilelmus Paton$a12.3.: Inscriptiones Symes Teutlussae Teli Nisyri Astypalaeae Anaphes Therae et Therasiae Pholegandri Cimoli Meli / edidit Fridericus Hiller de Gaertringen$a12.3.1.: Supplementum$a12.5.: Inscriptiones Cycladum / edidit Fridericus Hiller de Gaertringen$a12.5.1.: Inscriptiones Cycladum. 1, Inscriptiones Cycladum praeter Tenum / edidit Fridericus Hiller de Gaertringen$a12.6.2: Inscriptiones Chii et Sami cum Corassiis Icariaque. 2, Inscriptiones Samiinsulae : dedicationes, tituli sepulcrales, tituli christiani, Byzantini, iudaei ... / edidit Klaus Hallof ; inscriptiones Icariae insulae edidit Angelus P. Matthaiou$a7.: Inscriptiones Amorgi et insularum vicinarum / edidit Iulius Delamarre ; indices composuit F. Hiller de Gaertringen$a12.8.: Inscriptiones insularum maris Thracici / edidit Carolus Fredrich$a12.9.: Inscriptiones euboeae insulae / edidit Ericus Ziebarth$a12.: Inscriptiones graecae insularum maris Aegaei praeter Delum. Supplementum / edidit Fridericus Hiller de Gaertringen 461 0$10019910507591703321$12001$aInscriptiones graecae$v12 610 0 $aIscrizioni greche 676 $a481.1$v23$zita 702 1$aFredrich,$bCarl 702 1$aHiller von Gaertringen,$bFriedrich 702 1$aDelamarre,$bJ. 702 1$aPaton,$bWilliam Roger 702 1$aZiebarth,$bErich 702 1$aHallof,$bKlaus 702 1$aMatthaios,$bAngelos P. 801 0$aIT$bUNINA$gREICAT$2UNIMARC 901 $aBK 912 $a9910507590003321 952 $a481.7 IG 12(1)$b23720$fFLFBC 952 $a481.7 IG 12(2)$b23720$fFLFBC 952 $a481.7 IG 12(3) A$b23720$fFLFBC 952 $a481.7 IG 12(3)$bs.i.$fFLFBC 952 $a481.7 IG 12(5)$b23720$fFLFBC 952 $a481.7 IG 12(5) A$b6718$fFLFBC 952 $a481.7 IG 12(5.1)$b23720$fFLFBC 952 $a481.7 IG 12(7)$b23720$fFLFBC 952 $a481.7 IG 12(7) A$bs.i.$fFLFBC 952 $a481.7 IG 12(7) B$b6715$fFLFBC 952 $a481.7 IG 12(8)$b23720$fFLFBC 952 $a481.7 IG 12(9)$b23720$fFLFBC 952 $a481.7 IG 12 SUPPL.$b23720$fFLFBC 952 $a481.7 IG 12(6.2)$b47797$fFLFBC 959 $aFLFBC 996 $aInscriptiones Graecae insularum maris Aegaei praeter Delum$91181667 997 $aUNINA LEADER 01605nam 2200361Ia 450 001 996385055703316 005 20200824132557.0 035 $a(CKB)4940000000073509 035 $a(EEBO)2240861999 035 $a(OCoLC)ocm11766950e 035 $a(OCoLC)11766950 035 $a(EXLCZ)994940000000073509 100 $a19850305d1649 uy | 101 0 $aeng 135 $aurbn||||a|bb| 200 13$aAn easie entrance to the Latine tongue ..$b[electronic resource] $ea work tending to the school-masters's eas, and the weaker scholar's encouragement in the first and most wearisome steps to learning /$fby Charles Hoole .. 210 $aLondon $cPrinted by William Dugard for Joshuah Kirton ...$d1649 215 $a[16], 429 [i.e. 431] p 300 $aAdded t.p. in Latin. 300 $aReproduction of original in the University of Illinois (Urbana-Champaign Campus). Library. 327 $aI. The grounds of grammar, and their examination. -- II. Vocabularie of common words English and Latine. -- III. Sundrie and short examples appliable to the rules of concordance and construction. -- IV. Collections out of the lowest school-autors. -- V. More elegant expressions for children. -- VI. The first principles of Christianitie. 330 $aeebo-0167 606 $aLatin language$xGrammar 615 0$aLatin language$xGrammar. 700 $aHoole$b Charles$f1610-1667.$0793350 801 0$bEAA 801 1$bEAA 801 2$bm/c 801 2$bWaOLN 906 $aBOOK 912 $a996385055703316 996 $aAn easie entrance to the Latine tongue .$92394834 997 $aUNISA